State and industrial development : (Record no. 3687)

000 -LEADER
fixed length control field 00811 a2200229 4500
003 - CONTROL NUMBER IDENTIFIER
control field Nust
005 - DATE AND TIME OF LATEST TRANSACTION
control field 20170105101222.0
008 - FIXED-LENGTH DATA ELEMENTS--GENERAL INFORMATION
fixed length control field 161124b xxu||||| |||| 00| 0 eng d
020 ## - INTERNATIONAL STANDARD BOOK NUMBER
International Standard Book Number 8171694950
020 ## - INTERNATIONAL STANDARD BOOK NUMBER
International Standard Book Number 9788171694952
040 ## - CATALOGING SOURCE
Original cataloging agency 0
Transcribing agency 0
082 ## - DEWEY DECIMAL CLASSIFICATION NUMBER
Edition number 338.9
100 1# - MAIN ENTRY--PERSONAL NAME
Personal name Bhandari, R. C. S.
245 10 - TITLE STATEMENT
Title State and industrial development :
Remainder of title institutions and incentives in the industrial development of backward regions in india /
Statement of responsibility, etc. R. C. S Bhandari.
260 ## - PUBLICATION, DISTRIBUTION, ETC.
Place of publication, distribution, etc. [S.l.] :
Name of publisher, distributor, etc. Commonwealth Publishers,
Date of publication, distribution, etc. 1998.
300 ## - PHYSICAL DESCRIPTION
Extent 336 p.
500 ## - GENERAL NOTE
General note Import.
500 ## - GENERAL NOTE
General note Hardcover.
856 40 - ELECTRONIC LOCATION AND ACCESS
Materials specified Amazon.com
Uniform Resource Identifier <a href="http://www.amazon.com/exec/obidos/ASIN/8171694950/chopaconline-20">http://www.amazon.com/exec/obidos/ASIN/8171694950/chopaconline-20</a>
856 40 - ELECTRONIC LOCATION AND ACCESS
Materials specified Amazon customer reviews
Uniform Resource Identifier <a href="http://www.chopac.org/cgi-bin/tools/azrev.pl?q=8171694950">http://www.chopac.org/cgi-bin/tools/azrev.pl?q=8171694950</a>
942 ## - ADDED ENTRY ELEMENTS (KOHA)
Koha item type Book
Call number prefix 338.9 BHA
Source of classification or shelving scheme
Holdings
Withdrawn status Lost status Source of classification or shelving scheme Damaged status Not for loan Collection code Permanent Location Current Location Shelving location Date acquired Total Checkouts Full call number Barcode Date last seen Price effective from Koha item type
            Central Library (CL) Central Library (CL) General Stacks 11/24/2016   338.9 BHA S3H-N-1231 11/24/2016 11/24/2016 Book
            Central Library (CL) Central Library (CL) General Stacks 11/24/2016   338.9 BHA S3H-N-1230 11/24/2016 11/24/2016 Book
            Central Library (CL) Central Library (CL) General Stacks 11/24/2016   338.9 BHA S3H-N-1232 11/24/2016 11/24/2016 Book
© 2023 Central Library, National University of Sciences and Technology. All Rights Reserved.